=LDR 00000nam 2200000 4500 =001 INLIS000000000021434 =005 20130612120309 =008 ***********************************Ind** =035 ##$$0010-061300000021434 =041 ##$$a Ind =082 ##$$a 658.401 =090 ##$$a 658.401, Wij p =100 ##$$a WIJAYA, A.W =245 ##$$a Perencanaan Sebagai Fungsi Manajemen, A.W. Wijaya =260 ##$$a 1987 $b Jakarta =300 ##$$a xviii, 92 hlm, Ilus, 21 cm =650 ##$$a Manajemen Perencanaan =850 ##$$a NBPNMAT